LEADER 03352 am 2200565 n 450 001 9910641196203321 005 20210210 010 $a2-35613-567-7 024 7 $a10.4000/books.ausonius.14782 035 $a(CKB)4100000012901752 035 $a(FrMaCLE)OB-ausonius-14782 035 $a(PPN)267823827 035 $a(EXLCZ)994100000012901752 100 $a20230118j|||||||| ||| 0 101 0 $afre 135 $auu||||||m|||| 200 13$aLa res publica et sa décadence $eDe Salluste à Tite-Live /$fGeorgios Vassiliades 210 $aBordeaux $cAusonius Éditions$d2021 215 $a1 online resource (692 p.) 311 $a2-35613-364-X 330 $aCette étude explore dans une perspective comparative la présentation historique et l?interprétation philosophique de la décadence de la res publica chez Salluste et Tite?Live. Dans la première partie, il est montré que Salluste et Tite-Live sont les premiers auteurs à avoir choisi comme thème central de leur récit le progrès et la décadence d?une cité. À travers un examen précis des étapes de la décadence chez les deux auteurs, il est remarqué que Tite?Live apporte constamment des corrections à la théorie de Salluste. Le schéma d?aucun des deux historiens ne se conforme à une vision cyclique ou linéaire du temps. La représentation biologique de la cité montre aussi que les hommes sont les seuls responsables pour la maladie de la décadence. Or, la reprise du progrès, selon une conception cyclique et la guérison du corps de l?État sont évoquées comme perspectives seulement par Tite-Live. La deuxième partie est consacrée aux causes de la maladie de la décadence, et la troisième à la guérison de la res publica. Trois facteurs sont examinés en détail : les facteurs « divins », le metus hostilis et la nature humaine. Tite-Live renverse l?analyse de plus en plus pessimiste de Salluste, et réintroduit l?homme en tant que facteur principal de l?histoire et comme responsable de la décadence. Dans la troisième partie, leur vision différente de l?avenir de Rome est mise en lumière, à travers l?étude de la position politique et de la fonction exemplaire de l??uvre des deux historiens. Il en ressort que Tite-Live adopte les catégories sallustéennes d?analyse, mais conçoit sa propre présentation et interprétation de la décadence en réponse à son devancier, dont il renverse les théories. 606 $aHistory 606 $aSalluste 606 $aTite-Live 606 $adécadence 606 $aprogrès 606 $ahistoriographie romaine 606 $ahistoire romaine 606 $aphilosophie politique 606 $aphilosophie de l'histoire 606 $ares publica 606 $aAuguste 607 $aRome$xHistory$yEmpire, 284-476 615 4$aHistory 615 4$aSalluste 615 4$aTite-Live 615 4$adécadence 615 4$aprogrès 615 4$ahistoriographie romaine 615 4$ahistoire romaine 615 4$aphilosophie politique 615 4$aphilosophie de l'histoire 615 4$ares publica 615 4$aAuguste 700 $aVassiliades$b Georgios$01366203 801 0$bFR-FrMaCLE 906 $aBOOK 912 $a9910641196203321 996 $aLa res publica et sa décadence$93388707 997 $aUNINA LEADER 01355nam0 22003371i 450 001 UON00308066 005 20231205104042.794 010 $a96-07-50733-9 100 $a20080213d2007 |0itac50 ba 101 $aita 102 $aGR 105 $a|||| 1|||| 200 1 $aSprechen, Schreiben, Mitreden$eein Übungsbuch zum Training von Vortrag und Aufsatz in der Oberstufe$fvon Jo Glotz-Kustanis, Doris Tippmann 205 $a4. Aufl 210 $aAthen$cChr. Karabatos$d2007 215 $a294 p.$cill.$d29 cm. 606 $aLingua tedesca$xElementi stranieri$3UONC068292$2FI 606 $aLinguistica Applicata$3UONC026327$2FI 620 $aGR$dAtene$3UONL000203 620 $dIsmaning$3UONL001539 676 $a438.24$cUso tedesco standard (Linguistica prescrittiva). Elementi stranieri$v21 700 1$aGLOTZ-KASTANIS$bJo$3UONV177538$0600104 701 1$aTIPPMANN$bDoris$3UONV177539$0600105 712 $aHueber$3UONV257992$4650 712 $aKarabatos$3UONV274297$4650 801 $aIT$bSOL$c20251003$gRICA 899 $aSIBA - SISTEMA BIBLIOTECARIO DI ATENEO$2UONSI 912 $aUON00308066 950 $aSIBA - SISTEMA BIBLIOTECARIO DI ATENEO$dSI TED 14 d GLO-KAS $eSI LO 71609 5 996 $aSprechen, schreiben, mitreden$91022535 997 $aUNIOR